[Event "RUS-ch Men Rapid 2019"]
[Site "Sochi"]
[Date "2019.10.16"]
[Round "10.22"]
[White "Gurvich, Vitaly"]
[Black "Pogromsky, Mikhail"]
[Result "1/2-1/2"]
[WhiteElo "2278"]
[BlackElo "2411"]
[Annotator "NA"]
[PlyCount "83"]
[EventDate "2019.10.15"]
[EventType "swiss"]
[EventCountry "RUS"]
[SourceTitle "playchess.com"]
[Source "ChessBase"]
[SourceQuality "1"]
[TimeControl "900+10"]

1. d4 {[%emt 0:00:00]} Nf6 {[%emt 0:00:00]} 2. c4 {[%emt 0:00:00]} Nc6 {[%emt 0:00:12]} 3. Nc3 {[%emt 0:00:00]} e5 {[%emt 0:00:04]} 4. d5 {[%emt 0:00:06]} Ne7 {[%emt 0:00:01]} 5. e4 {[%emt 0:00:26]} Ng6 {[%emt 0:00:03]} 6. g3 {[%emt 0:00:02]} Bc5 {[%emt 0:00:08]} 7. Bg2 {[%emt 0:00:01]} d6 {[%emt 0:00:04]} 8. Nf3 {[%emt 0:00:10]} O-O {[%emt 0:00:27]} 9. O-O {[%emt 0:00:06]} c6 {[%emt 0:00:06]} 10. Bg5 {[%emt 0:02:14]} h6 {[%emt 0:00:25]} 11. Bxf6 {[%emt 0:00:27]} Qxf6 {[%emt 0:00:01]} 12. Na4 {[%emt 0:00:01]} Bb6 {[%emt 0:01:53]} 13. Nxb6 {[%emt 0:00:04]} axb6 {[%emt 0:00:01]} 14. Qb3 {[%emt 0:00:04]} Qd8 {[%emt 0:00:09]} 15. Nd2 {[%emt 0:00:06]} f5 {[%emt 0:00:34]} 16. exf5 {[%emt 0:00:09]} Ne7 {[%emt 0:00:41]} 17. g4 {[%emt 0:01:04]} h5 {[%emt 0:00:43]} 18. h3 {[%emt 0:00:10]} hxg4 {[%emt 0:00:01]} 19. hxg4 {[%emt 0:00:01]} g6 {[%emt 0:00:12]} 20. f4 {[%emt 0:00:32]} gxf5 {[%emt 0:01:54]} 21. fxe5 {[%emt 0:00:13]} dxe5 {[%emt 0:00:33]} 22. Rae1 {[%emt 0:00:01]} Qd6 {[%emt 0:01:09]} 23. Qe3 {[%emt 0:00:17]} cxd5 {[%emt 0:00:39]} 24. cxd5 {[%emt 0:00:19]} Ng6 {[%emt 0:01:41]} 25. Nc4 {[%emt 0:00:13]} Qc5 {[%emt 0:00:06]} 26. Nxb6 {[%emt 0:00:27]} Qxe3+ {[%emt 0:00:02]} 27. Rxe3 {[%emt 0:00:01]} Rxa2 {[%emt 0:00:35]} 28. Rc3 {[%emt 0:00:12]} Rxb2 {[%emt 0:00:06]} 29. Nxc8 {[%emt 0:00:09]} Nf4 {[%emt 0:00:08]} 30. Rxf4 {[%emt 0:00:29]} exf4 {[%emt 0:00:04]} 31. Ne7+ {[%emt 0:00:06]} Kf7 {[%emt 0:00:24]} 32. Nxf5 {[%emt 0:00:04]} Ra8 {[%emt 0:00:33]} 33. Rf3 {[%emt 0:00:56]} Ra1+ {[%emt 0:00:16]} 34. Bf1 {[%emt 0:00:02]} Kf6 {[%emt 0:00:18]} 35. Rxf4 {[%emt 0:00:04]} Ke5 {[%emt 0:00:17]} 36. Rf2 {[%emt 0:00:14]} Rxf2 {[%emt 0:00:17]} 37. Kxf2 {[%emt 0:00:01]} Kxd5 {[%emt 0:01:58]} 38. g5 {[%emt 0:01:27]} Ke5 {[%emt 0:00:23]} 39. Ne3 {[%emt 0:00:13]} Ra2+ {[%emt 0:00:37]} 40. Kf3 {[%emt 0:01:06]} Ra3 {[%emt 0:00:06]} 41. Kf2 {[%emt 0:00:03]} Kf4 {[%emt 0:00:26]} 42. Nc4 {[%emt 0:00:01] Ke5} 1/2-1/2

[Event "RUS-ch Men Rapid 2019"]
[Site "Sochi"]
[Date "2019.10.16"]
[Round "10.23"]
[White "Gutenev, Alexander"]
[Black "Dudin, Gleb"]
[Result "1-0"]
[WhiteElo "2469"]
[BlackElo "2323"]
[Annotator "ChessBase"]
[PlyCount "67"]
[EventDate "2019.10.15"]
[EventType "swiss"]
[EventCountry "RUS"]
[SourceTitle "playchess.com"]
[Source "ChessBase"]
[SourceQuality "1"]
[TimeControl "900+10"]

1. e4 {[%emt 0:00:00]} g6 {[%emt 0:00:00]} 2. d4 {[%emt 0:00:00]} Bg7 {[%emt 0:00:00]} 3. Nf3 {[%emt 0:00:00]} d6 {[%emt 0:00:00]} 4. Be2 {[%emt 0:00:00]} Nf6 {[%emt 0:00:36]} 5. Nc3 {[%emt 0:00:00]} O-O {[%emt 0:00:03]} 6. O-O {[%emt 0:00:00]} a6 {[%emt 0:00:55]} 7. a4 {[%emt 0:00:02]} Nc6 {[%emt 0:00:46]} 8. d5 {[%emt 0:00:04]} Nb8 {[%emt 0:00:57]} 9. Nd4 {[%emt 0:00:02]} c6 {[%emt 0:00:48]} 10. a5 {[%emt 0:00:28]} Qc7 {[%emt 0:00:35]} 11. Be3 {[%emt 0:00:11]} e5 {[%emt 0:02:07]} 12. dxe6 {[%emt 0:00:06]} fxe6 {[%emt 0:00:02]} 13. Qd2 {[%emt 0:03:09]} d5 {[%emt 0:01:23]} 14. exd5 {[%emt 0:00:02]} exd5 {[%emt 0:00:21]} 15. b4 {[%emt 0:03:19]} Qf7 {[%emt 0:02:02]} 16. h3 {[%emt 0:00:46]} Nbd7 {[%emt 0:00:34]} 17. Nf3 {[%emt 0:02:59]} Re8 {[%emt 0:02:03]} 18. Rab1 {[%emt 0:03:36]} Ne5 {[%emt 0:01:58]} 19. Nxe5 {[%emt 0:00:21]} Rxe5 {[%emt 0:00:02]} 20. Bd3 {[%emt 0:00:32]} Re8 {[%emt 0:01:59]} 21. Rfe1 {[%emt 0:00:13]} Be6 {[%emt 0:00:14]} 22. Bd4 {[%emt 0:00:41]} Rad8 {[%emt 0:00:21]} 23. Ne2 {[%emt 0:01:00]} Bc8 {[%emt 0:00:38]} 24. Ng3 {[%emt 0:00:58]} Ne4 {[%emt 0:00:22]} 25. Bxe4 {[%emt 0:00:27]} dxe4 {[%emt 0:00:02]} 26. c3 {[%emt 0:00:01]} Qc4 {[%emt 0:00:18]} 27. Rbd1 {[%emt 0:00:03]} Bxd4 {[%emt 0:00:13]} 28. cxd4 {[%emt 0:00:01]} Qd5 {[%emt 0:00:10]} 29. Qf4 {[%emt 0:00:11]} Rf8 {[%emt 0:00:09]} 30. Qxe4 {[%emt 0:00:07]} Qb5 {[%emt 0:00:02]} 31. Qe5 {[%emt 0:00:14]} Qxb4 {[%emt 0:00:11]} 32. Ne4 {[%emt 0:00:02]} Rf5 {[%emt 0:00:14]} 33. Nf6+ {[%emt 0:00:13]} Kf7 {[%emt 0:00:04]} 34. Qc7+ {[%emt 0:00:05]} 1-0

[Event "RUS-ch Men Rapid 2019"]
[Site "Sochi"]
[Date "2019.10.16"]
[Round "10.24"]
[White "Grachev, Boris"]
[Black "Potapov, Alexander"]
[Result "1-0"]
[WhiteElo "2621"]
[BlackElo "2413"]
[Annotator "TA"]
[PlyCount "61"]
[EventDate "2019.10.15"]
[EventType "swiss"]
[EventCountry "RUS"]
[SourceTitle "playchess.com"]
[Source "ChessBase"]
[SourceQuality "1"]

{[%evp 9,61,0,6,-14,38,38,38,38,38,38,72,69,74,67,105,75,94,49,117,115,150,171,215,208,189,175,126,135,162,97,216,168,262,270,681,680,665,667,667,643,707,691,710,702,685,688,701,700,882,774,1098,1100,1099,1092]} 1. Nf3 f5 2. d4 d6 3. Nc3 Nf6 4. Bg5 Nbd7 5. h4 (5. Qd3 g6 6. h3 Bg7 7. g4 Nb6 8. O-O-O O-O 9. Bxf6 exf6 10. Rg1 d5 11. e3 c6 12. g5 Nc4 13. h4 {1-0 (44) Cordova,E (2655)-Fedoseev,V (2658) Saint Louis 2017}) 5... c6 6. e3 $146 {A80: Dutch Defence: Unusual White second moves} ({Predecessor:} 6. Qd3 h6 7. Bf4 g6 8. e4 Qa5 9. exf5 Qxf5 10. Qd2 Nd5 11. Nxd5 cxd5 12. Bd3 Qf6 {0-1 (57) Okon,D (2206)-Czuchnicki,A (2101) Police 2008}) 6... g6 (6... e5 $11) 7. h5 $14 Nxh5 8. Rxh5 {White is slightly better.} gxh5 {[#]} 9. Nh4 $1 {[%cal Rd1h5][%mdl 512]} Nf6 10. Bxf6 $1 exf6 11. Qxh5+ Ke7 12. O-O-O $36 {[%mdl 2048] Black is under strong pressure.} Qe8 13. Nxf5+ Bxf5 (13... Kd8 $14 14. Qf3 d5) 14. Qxf5 $16 Qg6 {[#]} 15. Qa5 $1 {[%cal Ra5c7][%mdl 1024] Strongly threatening Qc7+. White has strong compensation.} Qe8 16. d5 c5 17. Bb5 {Threatening mate with Qc7+.} Qc8 18. Rh1 h5 19. Rh4 (19. Ne2 $18) 19... Kf7 (19... f5 $16 {was worth a try.}) 20. Be2 Be7 (20... Kg8 {is a better defense.} 21. Ne4 (21. Rxh5 Rxh5 22. Bxh5 Qd7 $14) 21... f5) 21. Bxh5+ $18 Kf8 $2 (21... Kg8 22. Ne2 f5) 22. Bg4 {[%mdl 64] Discovered Attack. White is clearly winning.} Rxh4 23. Bxc8 Rxc8 24. Qxa7 Kf7 25. Qxb7 Rd8 26. Ne2 Rb4 27. Qa6 Rdb8 28. b3 c4 29. Nd4 R8b6 30. Qc8 cxb3 31. axb3 {Accuracy: White = 80%, Black = 24%.} 1-0

[Event "RUS-ch Men Rapid 2019"]
[Site "Sochi"]
[Date "2019.10.16"]
[Round "10.25"]
[White "Belozerov, Andrei"]
[Black "Ozgibcev, Anatoly"]
[Result "1-0"]
[WhiteElo "2515"]
[BlackElo "2367"]
[Annotator "ChessBase"]
[PlyCount "117"]
[EventDate "2019.10.15"]
[EventType "swiss"]
[EventCountry "RUS"]
[SourceTitle "playchess.com"]
[Source "ChessBase"]
[SourceQuality "1"]
[TimeControl "900+10"]

1. e4 {[%emt 0:00:00]} e5 {[%emt 0:00:00]} 2. Nf3 {[%emt 0:00:00]} Nc6 {[%emt 0:00:00]} 3. Bb5 {[%emt 0:00:00]} Nge7 {[%emt 0:00:00]} 4. c3 {[%emt 0:00:00]} d6 {[%emt 0:00:12]} 5. d4 {[%emt 0:00:01]} Bd7 {[%emt 0:00:02]} 6. O-O {[%emt 0:00:03]} Ng6 {[%emt 0:00:32]} 7. Be3 {[%emt 0:00:26]} Be7 {[%emt 0:00:07]} 8. d5 {[%emt 0:00:13]} Nb8 {[%emt 0:00:03]} 9. Bxd7+ {[%emt 0:00:02]} Nxd7 {[%emt 0:00:02]} 10. c4 {[%emt 0:00:00]} O-O {[%emt 0:00:13]} 11. Nc3 {[%emt 0:00:01]} Nh4 {[%emt 0:00:24]} 12. Nxh4 {[%emt 0:01:04]} Bxh4 {[%emt 0:00:02]} 13. Qg4 {[%emt 0:00:02]} g6 {[%emt 0:00:36]} 14. Bh6 {[%emt 0:00:26]} Re8 {[%emt 0:00:05]} 15. Rac1 {[%emt 0:00:23]} a5 {[%emt 0:00:15]} 16. Rc2 {[%emt 0:00:03]} Be7 {[%emt 0:00:21]} 17. g3 {[%emt 0:00:20]} Nf6 {[%emt 0:01:52]} 18. Qe2 {[%emt 0:00:08]} Qd7 {[%emt 0:01:53]} 19. f3 {[%emt 0:00:27]} Nh5 {[%emt 0:00:46]} 20. Kg2 {[%emt 0:02:06]} Bf8 {[%emt 0:00:38]} 21. Bc1 {[%emt 0:00:08]} Bg7 {[%emt 0:00:21]} 22. Qd1 {[%emt 0:00:24]} Rf8 {[%emt 0:00:14]} 23. Rcf2 {[%emt 0:00:33]} b6 {[%emt 0:00:40]} 24. Ne2 {[%emt 0:03:50]} Rae8 {[%emt 0:03:10]} 25. g4 {[%emt 0:00:11]} Nf6 {[%emt 0:00:14]} 26. Ng3 {[%emt 0:00:03]} Rb8 {[%emt 0:00:40]} 27. a4 {[%emt 0:00:16]} c6 {[%emt 0:00:22]} 28. dxc6 {[%emt 0:00:27]} Qxc6 {[%emt 0:00:01]} 29. b3 {[%emt 0:00:03]} Rfd8 {[%emt 0:00:14]} 30. Be3 {[%emt 0:01:03]} Nd7 {[%emt 0:00:14]} 31. Rd2 {[%emt 0:00:09]} Nc5 {[%emt 0:00:07]} 32. Rd5 {[%emt 0:00:24]} Bf6 {[%emt 0:00:26]} 33. Ne2 {[%emt 0:00:15]} Ne6 {[%emt 0:00:21]} 34. Qd2 {[%emt 0:00:14]} Nc5 {[%emt 0:00:24]} 35. Qc2 {[%emt 0:00:19]} Ne6 {[%emt 0:00:05]} 36. Qd2 {[%emt 0:00:18]} Nc5 {[%emt 0:00:01]} 37. Rb1 {[%emt 0:00:10]} Rb7 {[%emt 0:01:07]} 38. Nc3 {[%emt 0:00:38]} Rbd7 {[%emt 0:00:42]} 39. Bxc5 {[%emt 0:01:09]} bxc5 {[%emt 0:00:29]} 40. Rd1 {[%emt 0:00:13]} Be7 {[%emt 0:00:36]} 41. Nb5 {[%emt 0:00:01]} Qb6 {[%emt 0:00:01]} 42. Qh6 {[%emt 0:00:12]} Bf8 {[%emt 0:00:11]} 43. Qe3 {[%emt 0:00:08]} Be7 {[%emt 0:00:09]} 44. R1d3 {[%emt 0:00:11]} Kg7 {[%emt 0:00:06]} 45. Qd2 {[%emt 0:00:06]} h6 {[%emt 0:00:25]} 46. Rxe5 {[%emt 0:00:24]} Bg5 {[%emt 0:00:16]} 47. Qd1 {[%emt 0:01:42]} dxe5 {[%emt 0:00:15]} 48. Rxd7 {[%emt 0:00:01]} Rxd7 {[%emt 0:00:04]} 49. Qxd7 {[%emt 0:00:02]} Qf6 {[%emt 0:00:18]} 50. Nc7 {[%emt 0:00:08]} Kg8 {[%emt 0:00:47]} 51. Qe8+ {[%emt 0:00:44]} Kg7 {[%emt 0:00:24]} 52. Nd5 {[%emt 0:00:12]} Qd6 {[%emt 0:00:22]} 53. Kf1 {[%emt 0:00:41]} Bd2 {[%emt 0:01:20]} 54. Ke2 {[%emt 0:00:06]} Bb4 {[%emt 0:00:01]} 55. h4 {[%emt 0:00:12]} Qe6 {[%emt 0:00:15]} 56. Ne7 {[%emt 0:00:22]} Qa6 {[%emt 0:00:12]} 57. Qg8+ {[%emt 0:00:11]} Kf6 {[%emt 0:00:02]} 58. Nd5+ {[%emt 0:00:01]} Ke6 {[%emt 0:00:00]} 59. Nc7+ {[%emt 0:00:02] Kd5} 1-0

[Event "RUS-ch Men Rapid 2019"]
[Site "Sochi"]
[Date "2019.10.16"]
[Round "10.26"]
[White "Goryachkina, Aleksandra"]
[Black "Yeritsyan, Aram"]
[Result "1/2-1/2"]
[WhiteElo "2575"]
[BlackElo "2271"]
[Annotator "TA"]
[PlyCount "204"]
[EventDate "2019.10.15"]
[EventType "swiss"]
[EventCountry "RUS"]
[SourceTitle "playchess.com"]
[Source "ChessBase"]
[SourceQuality "1"]

{[%evp 21,204,36,31,25,55,54,55,63,95,84,81,89,96,113,133,127,120,143,123,74,108,104,76,78,99,81,85,11,72,68,133,59,68,69,69,26,114,0,0,-12,47,23,36,0,72,41,192,191,216,173,377,387,603,179,404,277,470,460,455,385,339,240,209,95,230,208,208,208,208,203,210,208,286,286,433,286,286,286,272,197,371,24,180,141,161,0,101,14,121,0,0,0,0,0,0,0,0,-83,0,0,0,0,0,0,0,0,0,0,0,0,0,0,0,-132,-127,-218,0,0,0,-177,0,0,0,0,0,0,0,-31,0,-60,-55,-254,-248,-771,-787,-776,-755,-787,-739,-787,-787,-772,-776,-776,0,-765,0,-739,0,-736,0,-739,-732,-732,0,-736,-729,-693,-679,-460,-153,-623,-600,-590,-458,-737,-662,-782,-548,-508,-445,-504,-79,-79,-79,-79,-79,-79,-79,-79,-79,-79,0,0,0]} 1. e4 e5 2. Nf3 Nc6 3. d4 exd4 4. Bc4 Nf6 5. O-O d6 6. Nxd4 Be7 7. Nc3 O-O 8. h3 Re8 9. Re1 Bd7 10. Bf4 Ne5 11. Bf1 Bf8 12. Bh2 $146 {C66: Ruy Lopez: Steinitz Defence} ({Predecessor:} 12. Bg3 Ng6 13. Qd2 c6 14. Rad1 b5 15. f3 Nh5 16. Bh2 Be7 17. Nce2 Ne5 18. b3 c5 19. f4 cxd4 20. fxe5 dxe5 21. Bxe5 {0-1 (33) Dobrijevic,M (2235)-Djuric,S (2352) Belgrade 2018}) 12... g6 13. f4 Nc6 14. Nf3 $1 {White is slightly better.} h6 15. Qd2 Bg7 16. Rad1 Be6 17. g4 Qe7 18. Nd5 Qd8 19. c4 $1 a5 20. a3 a4 21. Qc2 Nd7 22. Ne3 Nf8 23. f5 Bd7 24. Rd5 (24. c5 $16) 24... Ne5 (24... Ra5 $11) 25. Nxe5 $16 dxe5 (25... Rxe5 $14 26. Bxe5 Bxe5) 26. c5 (26. Rdd1 $16) 26... Qg5 27. Bc4 Bc6 28. Rdd1 h5 (28... Rad8 $11 {keeps the balance.}) 29. Bd5 (29. Bg3 $16 hxg4 30. Bxf7+ Kxf7 31. Qc4+ Ke7 32. Qg8) 29... hxg4 $11 30. hxg4 Bh6 ({Black should try} 30... gxf5 $11 31. exf5 Nh7) 31. Qc4 Qf6 32. Ng2 Kg7 (32... gxf5 $11 33. gxf5 Nh7) 33. Rf1 $36 {[%mdl 2048] White has good play.} g5 $2 (33... Bxd5 $1 $14 34. exd5 (34. Rxd5 Kg8 $14) (34. Qxd5 Bf4 $14) 34... Qa6) 34. Ne3 $18 Nh7 35. Rf3 Kf8 $2 (35... Kg8 36. Rh3 Bg7) 36. Rh3 Kg7 (36... Kg8 $142 37. Bxf7+ Qxf7) 37. Nf1 $2 (37. Bxc6 bxc6 38. Rd7) 37... Qd8 $2 (37... Kg8 38. Ne3 Bg7 39. Bxf7+ {[%mdl 64] Deflection} Qxf7 40. Qxf7+ Kxf7 41. Rxh7 Kg8) 38. Qc3 f6 $2 (38... Qf6 39. Be6 Rxe6) 39. Ng3 Qe7 40. Nh5+ Kh8 41. Bxc6 bxc6 42. Rhd3 (42. Kg2 $18 Rab8 43. Bg1) 42... Rad8 (42... Bf8 $16) 43. Rxd8 Rxd8 44. Rxd8+ Qxd8 45. Kf2 Bf8 46. Ke2 Qe7 47. Bg1 Qf7 (47... Qe8 $142 48. b4 Qb8) 48. Qb4 Qa2 {intending ...Qb1.} 49. Be3 Qb1 50. Ng3 Be7 $2 (50... Qc2+ {was called for.} 51. Qd2 Qb3) 51. Bf2 $2 (51. Kd2 $18) 51... Nf8 $2 (51... Qc2+ $11 {and Black has nothing to worry.} 52. Qd2 Qb3) 52. Qd2 Qa2 53. Kf3 $2 (53. Qc2 $18) 53... Qc4 (53... Qb3+ $11 54. Kg2 Kg8) 54. Kg2 (54. Qe2 $1 $16 {[%cal Re2c4]} Qc1 55. Be3) 54... Kg8 (54... Qb5 $11) 55. Kf3 (55. Qe2 $16 Qxe2 56. Nxe2) 55... Kf7 56. Qd1 Qb5 57. Qd2 Bxc5 58. Bxc5 Qxc5 59. Nh5 (59. Ne2 $11 {remains equal.}) 59... Qd4 (59... Ke7 $1 $17 60. Qb4 Qxb4 61. axb4 Nd7) 60. Qc2 $11 c5 61. Ng3 c4 62. Ne2 Qc5 $1 ({Avoid the trap} 62... Qd3+ $2 63. Qxd3 cxd3 64. Nc3 $18) 63. Qxa4 c6 64. Qd1 Ke7 65. Qd2 Nd7 66. Qd1 Qb5 67. Qd2 (67. Qc2 $11 {was the only way to keep the balance.}) 67... Nc5 $17 68. Qe3 (68. Qb4 $17 {keeps fighting.}) 68... Nd7 $2 (68... Kd6 $1 $19 69. Qd2+ Nd3) 69. Qd2 $2 (69. Qc3 $11) 69... Nc5 $19 70. Qe3 $1 Nd7 $2 ({Better is} 70... Kd6 $1 $19 71. Qd2+ Nd3) 71. Qd2 $11 Qb3+ 72. Qc3 Nc5 73. Qxb3 cxb3 {[%mdl 4096] Endgame KN-KN} 74. Nc1 Kd6 75. Ke3 (75. Ke2 $1 $11) 75... Kc7 $1 $15 76. Ne2 $2 ({White has to play} 76. Kd2 $1 $15) 76... Na4 $1 $19 77. Nc1 $2 (77. Kd2 Nxb2 78. Kc3 Na4+ 79. Kxb3 Nc5+ {[%mdl 64] Double Attack} 80. Kb4 Nxe4 81. a4) 77... Nxb2 78. Nxb3 Nc4+ 79. Kd3 Nxa3 80. Nc5 Nb5 81. Ke3 Nd4 82. Kf2 Nb5 83. Ke3 Nd4 84. Kf2 $1 Nb5 85. Ke3 Nd4 86. Kf2 $1 Nc2 87. Ke2 Na3 $2 (87... Kd6 $19 88. Nb7+ Ke7) 88. Kf2 $2 {[%mdl 8192]} (88. Kd3 $11) 88... Nc4 89. Ke2 Na5 90. Kd3 Kd6 $2 (90... Nb7 $19 {is more deadly.} 91. Na4 Nd6) 91. Na4 $2 (91. Ne6 $17) 91... Nb3 $1 {[%cal Rb3c5]} 92. Nb6 Nc5+ 93. Ke3 Kc7 $1 {[%cal Rc7b6]} 94. Nc4 Nd7 95. Kd3 {[#]} Nb6 $1 {[%cal Rb6c4] Threatens to win with ...Nxc4.} 96. Na5 {[#]} c5 $2 (96... Nc8 $1 $19 {has better winning chances. Hoping for ...Nd6.} 97. Nc4 Nd6 98. Nxd6 Kxd6) 97. Kc3 $17 Nc8 98. Kc4 Kb6 99. Nb3 Nd6+ 100. Kd5 c4 101. Nc1 Ne8 ({Black should play} 101... Kc7 $17 {Strongly threatening ...c3.} 102. Ne2 Kd7) 102. Kxc4 {Black must now prevent Kd5.} Kc6 {Accuracy: White = 47%, Black = 41%.} 1/2-1/2

[Event "RUS-ch Men Rapid 2019"]
[Site "Sochi"]
[Date "2019.10.16"]
[Round "10.27"]
[White "Cherednichenko, Dmitrij"]
[Black "Potapov, Pavel"]
[Result "0-1"]
[WhiteElo "2223"]
[BlackElo "2489"]
[Annotator "TA"]
[PlyCount "122"]
[EventDate "2019.10.15"]
[EventType "swiss"]
[EventCountry "RUS"]
[SourceTitle "playchess.com"]
[Source "ChessBase"]
[SourceQuality "1"]

{[%evp 12,122,16,27,18,28,33,24,68,67,71,64,89,82,91,92,124,116,137,122,238,233,233,236,250,231,242,221,309,309,302,312,345,328,326,292,263,253,241,188,200,179,189,186,212,-81,-81,-451,130,0,0,0,97,105,232,161,466,0,0,-19,-19,-19,-19,-23,-19,-28,-27,-28,-35,-97,-102,-178,-178,-387,-373,-357,-28,-24,-20,-178,0,0,0,0,0,-2018,0,0,0,-1098,0,-29979,8,0,0,-5289,-5251,-5073,-1195,-29978,-29979,-29979,-29980,-29980,-29980,-29985,-29986,-29986,-29987,-29987,-29988,-29990,-29991]} 1. d4 f5 2. c4 Nf6 3. g3 g6 4. b4 d6 5. Nf3 Bg7 6. Bb2 O-O 7. Bg2 Qe8 {A87: Dutch Defence: Leningrad System: 5 Nf3} (7... c6 8. O-O Kh8 9. Nbd2 Be6 10. Qc2 Nbd7 11. Rfe1 Bg8 12. a4 a6 13. a5 d5 14. Ne5 Ne4 15. cxd5 cxd5 {1-0 (35) Aleksandrov,A (2574)-Lu,S (2627) Doha 2016}) 8. O-O c6 9. Nbd2 Na6 {White has an edge.} 10. Qb3 Nc7 11. a4 Kh8 12. b5 Bd7 13. Rfe1 a6 $146 {[%cal Ra6b5]} ({Predecessor:} 13... h6 14. e4 fxe4 15. Nxe4 Qf7 {1-0 (35) Koch,M (2111)-Rondonuwu,G (2020) Frankfurt 2011}) 14. b6 $1 {[%cal Rb6c7]} Ne6 15. e4 $1 f4 (15... Qf7 $16) 16. e5 $18 dxe5 17. Nxe5 fxg3 18. hxg3 (18. Qxg3 Nh5 $11) (18. fxg3 $6 Ng5 $16) 18... Ng5 19. Qa3 Ng8 20. d5 cxd5 21. cxd5 Bh3 22. f4 Bxg2 23. Kxg2 Nf7 24. Ndf3 Rc8 25. Qd3 Nxe5 26. Nxe5 ({Don't do} 26. Bxe5 $6 Qd7 $16) 26... Nf6 27. Rh1 $1 {aiming for Nxg6+.} Kg8 28. d6 $2 (28. Qb3 $18) 28... exd6 $17 29. Qb3+ $2 {[%mdl 8192]} (29. Nf3 $17 {nothing else works.}) 29... d5 $2 (29... Kh8 $19 30. Rac1 dxe5 31. Bxe5 Rc6) 30. Rac1 (30. Ba3 $16) 30... Qe6 $11 31. Rc7 $36 {[%mdl 2048] White has the initiative.} Rxc7 (31... g5 $1 $11 {remains equal.}) 32. bxc7 $16 Nd7 (32... Rc8 $16 {was called for.}) 33. Re1 $1 $18 ({Don't take} 33. Qxb7 $6 Nxe5 34. Bxe5 Bxe5 $16) 33... Bxe5 $2 (33... Nxe5 {is a better chance.} 34. fxe5 (34. Bxe5 b6 $16) 34... h6) 34. Qxb7 $2 ({Weaker is} 34. Bxe5 Qc6 $16) (34. Ba3 $18 Rc8 35. Qxb7) 34... Nc5 $1 $11 {[%csl LRa4,LRb7][%mdl 64] Double Attack} 35. Qa7 Nd3 $1 {[%cal Rd3f4][%mdl 64] ( -> ...Nxf4+). Double Attack} 36. Rxe5 Nxe5 37. Bxe5 {[%mdl 4096] Endgame KQR-KQB} Rc8 38. Qc5 Kf7 39. Kf2 Ke8 40. Ke3 (40. Qc1 $1 $15) 40... Kd7 $17 41. Kd4 (41. Kf2 $17) 41... Qc6 $19 42. Qxd5+ $2 (42. Qxc6+ {is a better defense.} Kxc6 43. g4) 42... Qxd5+ 43. Kxd5 {KR-KB} Re8 $2 (43... h5 $19 {Threatens to win with ...Re8.} 44. Kc5 Re8) 44. g4 $11 h5 45. f5 $2 (45. gxh5 $1 $11 {and White has nothing to worry.} gxh5 46. f5) 45... h4 $2 ({Black should try} 45... hxg4 $19 46. fxg6 Rg8) 46. f6 h3 47. Bd6 g5 {White must now prevent ...Rf8!} 48. a5 $2 {[%mdl 8192] [#]} (48. Bh2 $11) 48... Rh8 $2 (48... Rf8 $1 $19 {[%cal Rf8f6][%mdl 512]} 49. Bxf8 h2 50. c8=B+ Kxc8) 49. Bh2 Re8 $2 {[%mdl 8192]} (49... Rc8 $11) 50. Bd6 $19 {[#]} Re2 $2 (50... Rf8 $1 $19 {[%mdl 512]} 51. Bxf8 h2 52. c8=B+ Kxc8) 51. Bg3 $2 {[%mdl 8192]} (51. c8=Q+ $11 Kxc8 52. f7) 51... Re3 $2 (51... h2 {mates} 52. c8=B+ Kxc8 53. Bxh2 Rxh2 54. Ke5 Kd7 55. Kf5 Ke8 56. Ke4 Ra2 57. Kf5 Rxa5+ 58. Ke6 Rb5 59. f7+ Kf8 60. Kd7 Kxf7 61. Kd6 a5 62. Kd7 Rb1 63. Kd6 a4 64. Kd5 a3 65. Ke5 a2 66. Kd5 a1=Q 67. Kc4 Qa4+ 68. Kc5 Rc1+ 69. Kb6 Qb4+ 70. Ka7 Ra1#) 52. Bh2 Rf3 {[#]} (52... Rc3 $5 53. f7 $8 Ke7 $11) 53. Ke5 $2 {[%mdl 8192]} (53. c8=R $1 $11 {[%mdl 512]} Kxc8 54. Ke6 Re3+ 55. Kd6) 53... Rf2 54. Bg3 h2 55. Bxh2 Rxh2 {Black mates.} 56. Kf5 Kxc7 57. Kxg5 {KR-K3P} Kd7 58. Kg6 Ke6 59. g5 {[#]} Rg2 $1 60. f7 Rf2 61. Kh6 Kxf7 {Accuracy: White = 42%, Black = 40%.} 0-1